000 00417nam a22001697a 4500
005 20180425123815.0
008 160520b xxu||||| |||| 00| 0 eng d
020 _a978-81-265-3135-6
041 _aeng
082 _b3411
_a510.2462
100 _aKreyszig & Erwin
_94288
245 _aAdvanced Engineering Mathematics
260 _bWiley India
300 _a1094
650 _aDIPLOMA ENGINEERING
_9817
942 _cBK
999 _c1170
_d1170